000 00648nam a2200229I 4500
001 34060
003 BD-RjUL
005 20211209052112.0
008 140512s1959 fc b eng u
035 _a(BD-RjUL)34154
040 _cIAU
_dBD-RjUL
_aBD-RjUL
_beng
041 _aeng
082 0 4 _a354.5401
_bRAS 1959
100 1 _aRambhai, B.
_9103518
245 1 4 _aThe silent revolution /
_cB Rambhai
250 _a2d ed., rev.
260 _aDelhi :
_bJiwan Prakashan,
_c1959.
300 _aiv, 182 p. :
_bill.,plates, port. ;
_c19 cm.
504 _aBibliography: p. 178-182.
650 0 _aCommunity development
_zIndia.
_9103519
942 _2ddc
_cBK
999 _c34060
_d34060